| 000 | 00738nam a22002415a 4500 | ||
|---|---|---|---|
| 005 | 20160327111838.0 | ||
| 008 | 160323r20101991ii a frb 001 0 eng d | ||
| 020 | _a9788173815973 | ||
| 040 |
_aEG-ScBUE _beng _cEG-ScBUE |
||
| 082 | 0 | 4 |
_a616.9041 _bMAJ _222 |
| 100 | 1 |
_aMajumdar, M. K. _939668 |
|
| 245 | 1 | 0 |
_aMicrobiology and immunology : _ban encyclopedic approach / _cM. K. Majumdar. |
| 250 | _aReprint ed. | ||
| 260 |
_aKolkata : _bNew Central Book Agency (P) Ltd., _c2010. |
||
| 300 |
_a285 p. : _bill. ; _c24 cm. |
||
| 500 | _aReprinted of 1991 ed. | ||
| 504 | _aBibliography : p. 285. | ||
| 650 | 7 |
_aMicrobiology. _2BUEsh _923968 |
|
| 650 | 7 |
_aImmunology _2BUEsh |
|
| 651 | _2BUEsh | ||
| 653 |
_bPPhrm _cMarch2016 |
||
| 942 | _2ddc | ||
| 999 |
_c21500 _d21472 |
||